[Event "VIII Floripa Chess Open 2022 - LIRA - m"]
[Site "Lira Tênis Clube - Florianó"]
[Date "2022.01.25"]
[Round "2.1"]
[White "Pichot, Alan"]
[Black "Ferreira, Thales Bond Dias"]
[Result "1-0"]
[WhiteElo "2625"]
[BlackElo "1970"]
[PlyCount "87"]
[EventDate "2022.01.24"]
[EventRounds "10"]
[EventCountry "BRA"]

1. c4 c5 2. Nf3 Nc6 3. Nc3 e5 4. e3 Nf6 5. d4 exd4 6. exd4 cxd4 7. Nxd4 d5 8.
Be2 Bb4 9. O-O O-O 10. Nxd5 Nxd5 11. Nxc6 bxc6 12. cxd5 cxd5 13. Be3 Be6 14.
Bf3 Bd6 15. Qd2 Be5 16. Rad1 Qb8 17. g3 Qxb2 18. Qxb2 Bxb2 19. Bxd5 Bxd5 20.
Rxd5 a6 21. Rb1 Bf6 22. Ra5 Rfc8 23. Rb7 h6 24. h4 Re8 25. Kg2 Re5 26. Rxe5
Bxe5 27. Kf3 a5 28. Ke4 Bc3 29. a3 Rd8 30. Rb3 Rc8 31. Kd5 Be1 32. Rb1 Bc3 33.
Bc5 h5 34. Kc4 g6 35. Rd1 Kg7 36. Rd5 Be1 37. Kd3 Rb8 38. Bd4+ Kf8 39. Re5 Rb3+
40. Kc2 Bxf2 41. Bxf2 Rf3 42. Bc5+ Kg8 43. Re3 Rxe3 44. Bxe3 1-0

[Event "VIII Floripa Chess Open 2022 - LIRA - m"]
[Site "Lira Tênis Clube - Florianó"]
[Date "2022.01.25"]
[Round "2.2"]
[White "Pontes, Israel Fillip Da Si"]
[Black "Delgado Ramirez, Neuris"]
[Result "0-1"]
[WhiteElo "1967"]
[BlackElo "2615"]
[PlyCount "70"]
[EventDate "2022.01.24"]
[EventRounds "10"]
[EventCountry "BRA"]

1. e4 c5 2. Nf3 d6 3. d4 cxd4 4. Nxd4 Nf6 5. Nc3 Nc6 6. Be3 Ng4 7. Nxc6 bxc6 8.
Qd2 Nxe3 9. Qxe3 g6 10. Bc4 Bg7 11. O-O O-O 12. Rab1 Qa5 13. Ne2 Rb8 14. c3 Ba6
15. Qd3 Bb7 16. Rfd1 d5 17. Bb3 e6 18. Qf3 Rfd8 19. Rd2 Qc7 20. Rbd1 Bh6 21.
Rd3 c5 22. c4 dxe4 23. Rxd8+ Rxd8 24. Qg3 Rxd1+ 25. Bxd1 Qd8 26. Qb3 Bc6 27.
Ng3 Qd4 28. Nf1 Bc1 29. Qb8+ Kg7 30. Bb3 e3 31. fxe3 Bxe3+ 32. Kh1 Bxg2+ 33.
Kxg2 Qe4+ 34. Kg3 Bd4 35. Qd8 Qd3+ 0-1

[Event "VIII Floripa Chess Open 2022 - LIRA - m"]
[Site "Lira Tênis Clube - Florianó"]
[Date "2022.01.25"]
[Round "2.3"]
[White "Bachmann, Axel"]
[Black "Crespo Ruiz, Manuel Maria"]
[Result "1-0"]
[WhiteElo "2594"]
[BlackElo "1967"]
[PlyCount "81"]
[EventDate "2022.01.24"]
[EventRounds "10"]
[EventCountry "BRA"]

1. g3 Nf6 2. Bg2 d5 3. Nf3 c5 4. c4 g6 5. cxd5 Nxd5 6. Qa4+ Nd7 7. Nc3 N5b6 8.
Qd1 Bg7 9. O-O O-O 10. d3 Nf6 11. Be3 Nfd5 12. Bd2 Bd7 13. Qc1 Rc8 14. Bh6 e6
15. Bxg7 Kxg7 16. b3 Qe7 17. Ne4 e5 18. Qb2 f6 19. Rac1 Rc7 20. a3 Be6 21. Ned2
Nd7 22. Rc2 Rfc8 23. Rfc1 b5 24. e4 N5b6 25. d4 Qd6 26. d5 Bf7 27. Bf1 a6 28.
a4 bxa4 29. bxa4 Nxa4 30. Nc4 Nxb2 31. Nxd6 Rb8 32. Bxa6 Rb6 33. Nb5 Ra7 34.
Nxa7 Rxa6 35. Rxb2 Rxa7 36. Rcb1 Ra3 37. Rb7 Nf8 38. Nd2 Kg8 39. Nc4 Ra6 40.
Re7 f5 41. Nxe5 1-0

[Event "VIII Floripa Chess Open 2022 - LIRA - m"]
[Site "Lira Tênis Clube - Florianó"]
[Date "2022.01.25"]
[Round "2.4"]
[White "Fontoura, Rogerio Lemos"]
[Black "Supi, Luis Paulo"]
[Result "0-1"]
[WhiteElo "1965"]
[BlackElo "2581"]
[PlyCount "68"]
[EventDate "2022.01.24"]
[EventRounds "10"]
[EventCountry "BRA"]

1. d4 Nf6 2. c4 g6 3. Nc3 Bg7 4. Nf3 O-O 5. Bf4 d6 6. e3 b6 7. Be2 Bb7 8. O-O
Nbd7 9. h3 Re8 10. Bh2 Ne4 11. Nxe4 Bxe4 12. Nd2 Bb7 13. Bf3 Bxf3 14. Nxf3 c5
15. Qd2 Qc7 16. d5 b5 17. cxb5 a6 18. b6 Qxb6 19. Rab1 Rab8 20. Rfc1 Nf6 21.
Rc4 Qb5 22. Rbc1 Qxb2 23. R1c2 Qa1+ 24. Rc1 Rb1 25. Rxb1 Qxb1+ 26. Rc1 Qb7 27.
Qc2 Qxd5 28. Rb1 Qe4 29. Qc1 Nd5 30. Nd2 Qd3 31. Rb3 Qe2 32. Bg3 c4 33. Qxc4
Qxd2 34. Qxa6 Nc3 0-1

[Event "VIII Floripa Chess Open 2022 - LIRA - m"]
[Site "Lira Tênis Clube - Florianó"]
[Date "2022.01.25"]
[Round "2.5"]
[White "Fier, Alexandr"]
[Black "Ikejiri, Daniel Yoshito"]
[Result "1-0"]
[WhiteElo "2573"]
[BlackElo "1961"]
[PlyCount "75"]
[EventDate "2022.01.24"]
[EventRounds "10"]
[EventCountry "BRA"]

1. e4 c5 2. Nf3 Nc6 3. Nc3 d6 4. d4 cxd4 5. Nxd4 Nf6 6. Bg5 e5 7. Nf5 Bxf5 8.
exf5 Be7 9. Bxf6 Bxf6 10. Nd5 O-O 11. c3 a6 12. Bc4 b5 13. Bb3 Na5 14. O-O Rc8
15. a4 Nc4 16. axb5 axb5 17. Qe2 Rc5 18. Rfd1 Nb6 19. Ra6 Nxd5 20. Bxd5 Qc8 21.
Rxd6 Qxf5 22. Be4 Qg5 23. g3 h5 24. h4 Qg4 25. Bf3 Qc4 26. Qe3 Rcc8 27. Bxh5
Qc5 28. Qe4 Rfd8 29. Rd7 Rxd7 30. Rxd7 Rf8 31. Qb7 Qc4 32. Bf3 e4 33. Qxe4 Qxe4
34. Bxe4 b4 35. cxb4 Rb8 36. Bd5 Bxb2 37. Rxf7 Kh8 38. Bb7 1-0

[Event "VIII Floripa Chess Open 2022 - LIRA - m"]
[Site "Lira Tênis Clube - Florianó"]
[Date "2022.01.25"]
[Round "2.6"]
[White "Bassani, Jaison Jose"]
[Black "Mekhitarian, Krikor Sevag"]
[Result "0-1"]
[WhiteElo "1961"]
[BlackElo "2562"]
[PlyCount "90"]
[EventDate "2022.01.24"]
[EventRounds "10"]
[EventCountry "BRA"]

1. e4 c5 2. Nc3 Nc6 3. g3 g6 4. Bg2 Rb8 5. d3 b5 6. a3 a5 7. a4 b4 8. Nb5 Ba6
9. c4 bxc3 10. bxc3 Bg7 11. Ne2 Nf6 12. d4 O-O 13. Rb1 Ne8 14. Be3 Nc7 15. c4
cxd4 16. Nexd4 Nxd4 17. Bxd4 Bxd4 18. Qxd4 Ne6 19. Qe3 Qc8 20. Rc1 Qc5 21. Qd2
Qb4 22. Qxb4 axb4 23. Kd2 Rfc8 24. Rhd1 Nc5 25. Rb1 b3 26. Rdc1 Bb7 27. f3 Ra8
28. Nc3 Bc6 29. Bh3 Kf8 30. Nd5 Rxa4 31. Rb2 Rca8 32. Nb6 Ra2 33. Rcb1 Rxb2+
34. Rxb2 Ra2 35. Kc3 Ra6 36. Kd4 d6 37. Nd5 Ra2 38. Rb1 Rxh2 39. Bf1 e5+ 40.
Ke3 Bxd5 41. cxd5 Rc2 42. Be2 b2 43. Bb5 h5 44. Bc6 Ke7 45. f4 Rc3+ 0-1

[Event "VIII Floripa Chess Open 2022 - LIRA - m"]
[Site "Lira Tênis Clube - Florianó"]
[Date "2022.01.25"]
[Round "2.7"]
[White "Cuenca Jimenez, Jose Fernando"]
[Black "Haraguchi, Diego Sashaki"]
[Result "1-0"]
[WhiteElo "2552"]
[BlackElo "1953"]
[PlyCount "77"]
[EventDate "2022.01.24"]
[EventRounds "10"]
[EventCountry "BRA"]

1. c4 Nf6 2. Nc3 c5 3. Nf3 Nc6 4. d4 cxd4 5. Nxd4 e6 6. g3 a6 7. Bg2 Qc7 8. O-O
Be7 9. b3 O-O 10. Bb2 d6 11. Rc1 Nxd4 12. Qxd4 Qc5 13. Qd3 Qh5 14. Rfd1 Ng4 15.
h3 Ne5 16. Qd2 Rd8 17. Na4 Nd7 18. Ba3 Bf8 19. Qe3 Nf6 20. Nb6 Rb8 21. Nxc8
Rbxc8 22. Bxb7 Qxh3 23. Bxc8 Ng4 24. Qf3 Qh2+ 25. Kf1 Rxc8 26. Qg2 Qh6 27. Rc2
Rd8 28. Rcd2 Be7 29. Bxd6 Bg5 30. Bf4 Rf8 31. Bxg5 Qxg5 32. Kg1 f5 33. e3 h5
34. c5 f4 35. exf4 Qxc5 36. Qe4 e5 37. Qd5+ Qxd5 38. Rxd5 exf4 39. Rd8 1-0

[Event "VIII Floripa Chess Open 2022 - LIRA - m"]
[Site "Lira Tênis Clube - Florianó"]
[Date "2022.01.25"]
[Round "2.8"]
[White "Lima, Vinicius Taishun"]
[Black "Hungaski, Robert"]
[Result "0-1"]
[WhiteElo "1952"]
[BlackElo "2537"]
[PlyCount "86"]
[EventDate "2022.01.24"]
[EventRounds "10"]
[EventCountry "BRA"]

1. e4 e6 2. d4 d5 3. Nc3 Bb4 4. e5 c5 5. a3 Bxc3+ 6. bxc3 Nc6 7. h4 Qa5 8. Bd2
Bd7 9. h5 O-O-O 10. Be2 h6 11. Nf3 c4 12. Nh4 Nge7 13. O-O g5 14. hxg6 fxg6 15.
g3 g5 16. Ng2 Be8 17. Bg4 Nf5 18. Bxf5 exf5 19. f4 Bd7 20. Qe1 Be6 21. Be3 Rdg8
22. Kf2 Rg6 23. Qd2 Rhg8 24. Rh1 Kb8 25. Rh3 Nd8 26. Rhh1 Bc8 27. Rhg1 Ne6 28.
Qe1 Ka8 29. Qd2 Qc7 30. Qe2 Qa5 31. Qd2 Bd7 32. Qe1 Ba4 33. Qd2 Qd8 34. Qe2 a5
35. Qd2 R8g7 36. Ra2 Qg8 37. Ne1 gxf4 38. Bxf4 Nxf4 39. Qxf4 Rg4 40. Qd2 f4 41.
Nf3 Bd7 42. Raa1 Bf5 43. gxf4 Rg2+ 0-1

[Event "VIII Floripa Chess Open 2022 - LIRA - m"]
[Site "Lira Tênis Clube - Florianó"]
[Date "2022.01.25"]
[Round "2.9"]
[White "Lima, Darcy"]
[Black "Frattini, Beatriz Maria"]
[Result "1-0"]
[WhiteElo "2507"]
[BlackElo "1948"]
[PlyCount "55"]
[EventDate "2022.01.24"]
[EventRounds "10"]
[EventCountry "BRA"]

1. c4 c5 2. Nc3 Nf6 3. g3 d5 4. cxd5 Nxd5 5. Bg2 Nc7 6. Qb3 Nc6 7. Bxc6+ bxc6
8. Qa4 Qd6 9. d3 e5 10. Nf3 Bh3 11. Nxe5 Qxe5 12. Bf4 Qe6 13. Bxc7 Be7 14.
O-O-O O-O 15. Rhe1 Bg5+ 16. Kb1 Qd7 17. Ne4 Be7 18. Bf4 Be6 19. Be3 Qd5 20. Rc1
Rfb8 21. Bxc5 f5 22. Bxe7 fxe4 23. dxe4 Qe5 24. Ba3 Rb5 25. f4 Qf6 26. e5 Qf7
27. Bd6 Bd7 28. e4 1-0

[Event "VIII Floripa Chess Open 2022 - LIRA - m"]
[Site "Lira Tênis Clube - Florianó"]
[Date "2022.01.25"]
[Round "2.10"]
[White "Montanu, Dan-Vladimir"]
[Black "Barbosa, Evandro Amorim"]
[Result "0-1"]
[WhiteElo "1940"]
[BlackElo "2487"]
[PlyCount "75"]
[EventDate "2022.01.24"]
[EventRounds "10"]
[EventCountry "BRA"]

1. d4 Nf6 2. c4 g6 3. Nc3 d5 4. cxd5 Nxd5 5. e4 Nxc3 6. bxc3 Bg7 7. Nf3 c5 8.
Rb1 O-O 9. Be2 b6 10. Qd2 cxd4 11. cxd4 Bg4 12. O-O Nc6 13. d5 Na5 14. Ba3 Bxf3
15. gxf3 Nc6 16. Qg5 Nd4 17. Bd1 Bf6 18. Qe3 Rc8 19. e5 Nf5 20. Qe4 Bg7 21. Bb3
b5 22. Rbc1 Qa5 23. Bb4 Qb6 24. e6 f6 25. Rc6 Rxc6 26. dxc6 a5 27. Bd2 Nd6 28.
Qc2 Rc8 29. Rc1 a4 30. Bd5 Qd4 31. Be4 Nc4 32. Rd1 Qe5 33. Bc3 Qg5+ 34. Kh1 f5
35. Bxg7 Kxg7 36. Rd7 fxe4 37. Qc3+ Kh6 38. Rd1 0-1

[Event "VIII Floripa Chess Open 2022 - LIRA - m"]
[Site "Lira Tênis Clube - Florianó"]
[Date "2022.01.25"]
[Round "2.11"]
[White "Di Berardino, Diego Rafael"]
[Black "Kim, Thiago"]
[Result "1-0"]
[WhiteElo "2480"]
[BlackElo "1943"]
[PlyCount "38"]
[EventDate "2022.01.24"]
[EventRounds "10"]
[EventCountry "BRA"]

1. Nf3 Nf6 2. g3 g6 3. Bg2 d5 4. O-O Bg7 5. c4 c6 6. cxd5 cxd5 7. d4 O-O 8. Ne5
Nbd7 9. Nc3 e6 10. Nd3 Ne4 11. Nxe4 dxe4 12. Bxe4 Bxd4 13. Bh6 Re8 14. Bg2 e5
15. e3 Bb6 16. Nb4 a5 17. Nd5 Bc7 18. Rc1 Bd6 19. Qa4 Nb6 1-0

[Event "VIII Floripa Chess Open 2022 - LIRA - m"]
[Site "Lira Tênis Clube - Florianó"]
[Date "2022.01.25"]
[Round "2.12"]
[White "Santos, Marcelo Da Silva"]
[Black "Cubas, Jose Fernando"]
[Result "0-1"]
[WhiteElo "1935"]
[BlackElo "2469"]
[PlyCount "94"]
[EventDate "2022.01.24"]
[EventRounds "10"]
[EventCountry "BRA"]

1. c4 Nf6 2. Nc3 g6 3. d4 d5 4. Bf4 Bg7 5. e3 O-O 6. Nf3 c5 7. Be2 Nc6 8. O-O
cxd4 9. exd4 b6 10. Rc1 Bb7 11. Re1 Rc8 12. b3 dxc4 13. bxc4 Na5 14. Ne5 Nd7
15. Nb5 a6 16. Na3 Nxe5 17. Bxe5 Bxe5 18. dxe5 Qc7 19. Qd3 Nc6 20. Qe3 Nxe5 21.
Rb1 Nd7 22. Qxe7 Rfe8 23. Qg5 Re5 24. Qg3 Qc5 25. Bf1 Rce8 26. Rxe5 Rxe5 27.
Rd1 Nf6 28. Rd8+ Kg7 29. Qc3 Qxf2+ 30. Kxf2 Ne4+ 31. Ke3 Nxc3+ 32. Kd4 Ra5 33.
Kxc3 Rxa3+ 34. Kb2 Re3 35. Rd6 Be4 36. a4 Re1 37. Bd3 Rd1 38. Kc3 f5 39. Rd4
Rxd3+ 40. Rxd3 Bxd3 41. Kxd3 Kf6 42. Kd4 Ke6 43. c5 bxc5+ 44. Kxc5 f4 45. Kb6
g5 46. Kxa6 g4 47. Kb6 f3 0-1

[Event "VIII Floripa Chess Open 2022 - LIRA - m"]
[Site "Lira Tênis Clube - Florianó"]
[Date "2022.01.25"]
[Round "2.14"]
[White "Da Silva, Anderson Lemes"]
[Black "Matsuura, Everaldo"]
[Result "0-1"]
[WhiteElo "1932"]
[BlackElo "2441"]
[PlyCount "46"]
[EventDate "2022.01.24"]
[EventRounds "10"]
[EventCountry "BRA"]

1. d4 d5 2. c4 e6 3. Nc3 c6 4. e3 Nf6 5. Qc2 Nbd7 6. Nf3 Bd6 7. b3 O-O 8. Bd3
e5 9. dxe5 Nxe5 10. Nxe5 Bxe5 11. Bb2 Be6 12. O-O-O Qe7 13. Ne2 Bxb2+ 14. Kxb2
dxc4 15. Bxc4 Bxc4 16. Qxc4 Ne4 17. Rc1 Nxf2 18. Rhf1 Ne4 19. Rf4 Rae8 20. Rc2
Nf6 21. Ng3 Nd5 22. Rf3 Nxe3 23. Qc3 Nd1+ 0-1

[Event "VIII Floripa Chess Open 2022 - LIRA - m"]
[Site "Lira Tênis Clube - Florianó"]
[Date "2022.01.25"]
[Round "2.15"]
[White "Molina, Roberto Junio Brito"]
[Black "Gamarra, Ramon"]
[Result "1-0"]
[WhiteElo "2420"]
[BlackElo "1937"]
[PlyCount "93"]
[EventDate "2022.01.24"]
[EventRounds "10"]
[EventCountry "BRA"]

1. d4 Nf6 2. c4 d5 3. cxd5 Qxd5 4. Nc3 Qa5 5. Nf3 c6 6. e3 Bf5 7. Bc4 e6 8. O-O
Nbd7 9. Qe2 Ne4 10. Nxe4 Bxe4 11. Nd2 Bg6 12. e4 e5 13. dxe5 Nxe5 14. Bb3 Bc5
15. Kh1 h5 16. f4 Ng4 17. f5 Bh7 18. Nc4 Qd8 19. Bf4 Qe7 20. Rad1 O-O 21. Qf3
Rad8 22. Rxd8 Rxd8 23. h3 Nf6 24. e5 Nd5 25. f6 gxf6 26. Bg3 f5 27. Qxh5 Bg6
28. Qh6 Qf8 29. Qc1 Kh7 30. Nd6 Be3 31. Qe1 f4 32. Bxd5 cxd5 33. Bxf4 Bxf4 34.
Rxf4 Rxd6 35. exd6 Qxd6 36. Rh4+ Kg7 37. Qc3+ Qf6 38. Rf4 Qxc3 39. bxc3 Kf8 40.
Kg1 Ke7 41. Kf2 Ke6 42. g4 Ke5 43. Ke3 f5 44. gxf5 Bxf5 45. h4 Bc2 46. h5 b5
47. h6 1-0

[Event "VIII Floripa Chess Open 2022 - LIRA - m"]
[Site "Lira Tênis Clube - Florianó"]
[Date "2022.01.25"]
[Round "2.16"]
[White "Soares, Renan Barbosa Monte"]
[Black "Bittencourt, Jorge"]
[Result "1/2-1/2"]
[WhiteElo "1922"]
[BlackElo "2408"]
[PlyCount "59"]
[EventDate "2022.01.24"]
[EventRounds "10"]
[EventCountry "BRA"]

1. d4 Nf6 2. c4 e6 3. Nf3 d5 4. Nc3 dxc4 5. e3 a6 6. a4 c5 7. Bxc4 Nc6 8. O-O
Be7 9. Qe2 cxd4 10. Rd1 e5 11. exd4 exd4 12. Nxd4 Nxd4 13. Qe5 Qd6 14. Qxd6
Bxd6 15. Rxd4 Bc5 16. Rd1 O-O 17. Bg5 Be6 18. Bxe6 fxe6 19. Bxf6 gxf6 20. Rd7
Rf7 21. Rad1 Raf8 22. Ne4 Bb4 23. R1d4 Rxd7 24. Rxd7 Rf7 25. Rd4 a5 26. Kf1 f5
27. Ng5 Re7 28. Ke2 h6 29. Nf3 Rc7 30. Rd1 1/2-1/2

[Event "VIII Floripa Chess Open 2022 - LIRA - m"]
[Site "Lira Tênis Clube - Florianó"]
[Date "2022.01.25"]
[Round "2.17"]
[White "Languidey, Simon Alejandro"]
[Black "Silva, Guilherme Henrique "]
[Result "1-0"]
[WhiteElo "2403"]
[BlackElo "1934"]
[PlyCount "49"]
[EventDate "2022.01.24"]
[EventRounds "10"]
[EventCountry "BRA"]

1. e4 c5 2. Nf3 d6 3. Bb5+ Nd7 4. O-O a6 5. Bd3 Ngf6 6. c3 e6 7. Bc2 Be7 8. d4
cxd4 9. cxd4 b5 10. Nc3 Bb7 11. a3 O-O 12. Qe2 Qc7 13. Bg5 Rac8 14. Rac1 Qb8
15. Nd2 e5 16. Nf3 Rfe8 17. dxe5 dxe5 18. Bb1 Bc5 19. Rfd1 Rc7 20. h3 Qc8 21.
Nh4 Bxa3 22. bxa3 Rxc3 23. Nf5 Re6 24. Ba2 Nxe4 25. Bxe6 1-0

[Event "VIII Floripa Chess Open 2022 - LIRA - m"]
[Site "Lira Tênis Clube - Florianó"]
[Date "2022.01.25"]
[Round "2.18"]
[White "Ribeiro, Regina"]
[Black "Umetsubo, Cesar Hidemitsu"]
[Result "0-1"]
[WhiteElo "1908"]
[BlackElo "2402"]
[PlyCount "84"]
[EventDate "2022.01.24"]
[EventRounds "10"]
[EventCountry "BRA"]

1. Nf3 d5 2. g3 Nf6 3. Bg2 c6 4. c4 Bf5 5. O-O e6 6. Qb3 Qb6 7. Qxb6 axb6 8.
cxd5 exd5 9. Nc3 b5 10. d3 b4 11. Nd1 Nbd7 12. e4 dxe4 13. Nd4 Be6 14. Nxe6
fxe6 15. dxe4 Nc5 16. a3 Nb3 17. Rb1 bxa3 18. bxa3 Nxc1 19. Rxc1 Bxa3 20. Rc3
Ke7 21. Ne3 Nd7 22. Rb1 Rhb8 23. Kf1 Bc5 24. f4 Bxe3 25. Rxe3 e5 26. Rc3 Ra2
27. h4 Rd2 28. Bh3 Kd6 29. Bxd7 Kxd7 30. Rc5 exf4 31. gxf4 b5 32. Rg5 g6 33. h5
Rf8 34. hxg6 hxg6 35. Ra1 Kc7 36. Rxg6 Rxf4+ 37. Ke1 Rh2 38. Ra6 Rxe4+ 39. Kd1
Rd4+ 40. Ke1 Rc4 41. Rg7+ Kd6 42. Rg6+ Kd5 0-1

[Event "VIII Floripa Chess Open 2022 - LIRA - m"]
[Site "Lira Tênis Clube - Florianó"]
[Date "2022.01.25"]
[Round "2.19"]
[White "Rodi, Luis Ernesto"]
[Black "Okamura, Milton Kasuo"]
[Result "1-0"]
[WhiteElo "2347"]
[BlackElo "1912"]
[PlyCount "97"]
[EventDate "2022.01.24"]
[EventRounds "10"]
[EventCountry "BRA"]

1. e4 e5 2. Nf3 Nc6 3. Bb5 a6 4. Ba4 Nf6 5. O-O Be7 6. Re1 b5 7. Bb3 d6 8. a4
Bd7 9. c3 O-O 10. d4 Bg4 11. Be3 Na5 12. Bc2 Nc4 13. Bc1 c6 14. b3 Nb6 15. dxe5
Bxf3 16. Qxf3 dxe5 17. a5 Nbd7 18. Nd2 Re8 19. Nf1 Qc7 20. Ng3 g6 21. Be3 Rad8
22. Qe2 c5 23. Bg5 Nf8 24. Qf3 Kg7 25. Nf1 Ne6 26. Bxf6+ Bxf6 27. Ne3 Rd2 28.
Nd5 Qd8 29. Rec1 Bg5 30. g3 h5 31. h4 Bh6 32. Bd3 Nc7 33. c4 Ne6 34. Rd1 Nd4
35. Qg2 Rxd1+ 36. Rxd1 b4 37. f4 exf4 38. gxf4 Qxh4 39. Rf1 Qg4 40. Nc7 Qxg2+
41. Kxg2 Rc8 42. Nxa6 Nxb3 43. f5 Ra8 44. Nc7 Rxa5 45. e5 Nd4 46. fxg6 fxg6 47.
Ne8+ Kh8 48. Bxg6 b3 49. Kh3 1-0

[Event "VIII Floripa Chess Open 2022 - LIRA - m"]
[Site "Lira Tênis Clube - Florianó"]
[Date "2022.01.25"]
[Round "2.20"]
[White "Rodrigues, Edgar"]
[Black "De Souza Monteiro, Marcos Paulo"]
[Result "1-0"]
[WhiteElo "2345"]
[BlackElo "1909"]
[PlyCount "59"]
[EventDate "2022.01.24"]
[EventRounds "10"]
[EventCountry "BRA"]

1. e4 c5 2. c3 d6 3. d4 cxd4 4. cxd4 g6 5. Nf3 Bg7 6. Be2 Nf6 7. Nc3 O-O 8. O-O
Nc6 9. d5 Nb8 10. h3 Na6 11. Be3 Bd7 12. Nd2 Nc7 13. a4 a6 14. Bb6 Be8 15. Nb3
Nd7 16. Be3 b5 17. axb5 axb5 18. Qd2 b4 19. Na2 Nf6 20. Bd3 Ba4 21. Nd4 b3 22.
Nc3 Qd7 23. Ra3 Rfb8 24. Rfa1 Rb4 25. Ncb5 Rxb5 26. Nxb5 Bxb5 27. Rxa8+ Nxa8
28. Rxa8+ Ne8 29. Bxb5 Qxb5 30. Qd3 1-0

[Event "VIII Floripa Chess Open 2022 - LIRA - m"]
[Site "Lira Tênis Clube - Florianó"]
[Date "2022.01.25"]
[Round "2.21"]
[White "Jorge, Denrick Cabral Jose"]
[Black "Labussiere, Victor"]
[Result "0-1"]
[WhiteElo "1901"]
[BlackElo "2341"]
[PlyCount "80"]
[EventDate "2022.01.24"]
[EventRounds "10"]
[EventCountry "BRA"]

1. e4 c5 2. b3 Nf6 3. e5 Nd5 4. Nf3 g6 5. d4 cxd4 6. Qxd4 Nc7 7. Nc3 Bg7 8. Qh4
h6 9. Bb2 Nc6 10. O-O-O Nxe5 11. Nxe5 Bxe5 12. Ne4 Bxb2+ 13. Kxb2 d6 14. Bc4
Be6 15. Rhe1 b6 16. f4 Kf8 17. Bxe6 Nxe6 18. f5 gxf5 19. Ng3 Ng7 20. Qf4 e6 21.
Rxd6 Qf6+ 22. Kb1 Kg8 23. Rd7 Kh7 24. Ne4 Qg6 25. Nd6 Rhf8 26. Qf3 Rad8 27. Qb7
Rxd7 28. Qxd7 f4 29. Qe7 Kg8 30. Qxa7 Qxg2 31. Qxb6 f3 32. Qa6 Rd8 33. Ne4 f2
34. Nf6+ Kh8 35. Rf1 Qf3 36. Qb5 Qxf6 37. a4 Nf5 38. Rxf2 Qc3 39. Qb6 Rd2 40.
Qb8+ Kh7 0-1

[Event "VIII Floripa Chess Open 2022 - LIRA - m"]
[Site "Lira Tênis Clube - Florianó"]
[Date "2022.01.25"]
[Round "2.22"]
[White "Da Silva, Jefferson Rian Ferr"]
[Black "Filgueiras, Nathan Felipe"]
[Result "0-1"]
[WhiteElo "1901"]
[BlackElo "2309"]
[PlyCount "104"]
[EventDate "2022.01.24"]
[EventRounds "10"]
[EventCountry "BRA"]

1. c4 Nf6 2. g3 e5 3. Bg2 d5 4. cxd5 Nxd5 5. Qb3 Nb6 6. Nc3 Be7 7. Nf3 Nc6 8.
O-O O-O 9. d3 Be6 10. Qd1 a5 11. Be3 Nd5 12. Nxd5 Bxd5 13. Qc1 a4 14. Bc5 Re8
15. Bxe7 Qxe7 16. Qd2 Rad8 17. Qg5 f6 18. Qc1 Kh8 19. Re1 Qf7 20. a3 h6 21. Qc3
f5 22. Rac1 e4 23. dxe4 fxe4 24. Nd4 Nxd4 25. Qxd4 Bc6 26. Qe3 Qf6 27. Rc3 Rd4
28. Bh3 Red8 29. Kg2 Rd2 30. Rb1 Qg6 31. Rc5 Qf6 32. Rc3 Bb5 33. Re1 Qe7 34.
Bf5 Bc6 35. Kf1 Qe5 36. Bg4 Rxb2 37. Rc5 Qd4 38. Qxd4 Rxd4 39. Re5 Ra2 40. Bf5
Rxa3 41. Rc1 Rd8 42. Rcc5 Ra1+ 43. Kg2 a3 44. Ra5 a2 45. e3 g6 46. Bxg6 b6 47.
Ra3 Rd2 48. Bxe4 Bd7 49. Re7 Bc8 50. Ra8 Rd8 51. Rxc7 Bh3+ 52. Kxh3 Rxa8 0-1

[Event "VIII Floripa Chess Open 2022 - LIRA - m"]
[Site "Lira Tênis Clube - Florianó"]
[Date "2022.01.25"]
[Round "2.23"]
[White "Pires, Marcos Vinicius Tor"]
[Black "Passos, Rafael Moreira"]
[Result "1-0"]
[WhiteElo "2302"]
[BlackElo "1906"]
[PlyCount "63"]
[EventDate "2022.01.24"]
[EventRounds "10"]
[EventCountry "BRA"]

1. Nf3 c5 2. c4 Nc6 3. d4 cxd4 4. Nxd4 g6 5. e4 Bg7 6. Be3 Nf6 7. Nc3 O-O 8.
Be2 d6 9. O-O Nxd4 10. Bxd4 Bd7 11. h3 Bc6 12. Qc2 a5 13. Rad1 a4 14. c5 Rc8
15. Qb1 Qc7 16. cxd6 exd6 17. a3 Rfe8 18. Bf3 Re7 19. Rfe1 Rce8 20. Re2 Qa5 21.
Qc2 Qg5 22. g3 Re6 23. h4 Qa5 24. Rde1 d5 25. exd5 Rxe2 26. Rxe2 Rxe2 27. Qxe2
Nxd5 28. Bxg7 Kxg7 29. Bxd5 Qb6 30. Bxc6 bxc6 31. Nxa4 Qa5 32. Nc3 1-0

[Event "VIII Floripa Chess Open 2022 - LIRA - m"]
[Site "Lira Tênis Clube - Florianó"]
[Date "2022.01.25"]
[Round "2.24"]
[White "Valcarcel, Victor Ignacio Dos "]
[Black "Viana Da Costa, Fernando"]
[Result "1/2-1/2"]
[WhiteElo "1893"]
[BlackElo "2300"]
[PlyCount "80"]
[EventDate "2022.01.24"]
[EventRounds "10"]
[EventCountry "BRA"]

1. e4 c5 2. Nf3 Nc6 3. Be2 Nf6 4. Nc3 d6 5. O-O Bg4 6. Re1 g6 7. h3 Bxf3 8.
Bxf3 Bg7 9. d3 O-O 10. Bf4 Nd7 11. Qd2 Nd4 12. Ne2 Nxf3+ 13. gxf3 e5 14. Bg5 f6
15. Bh6 f5 16. Bg5 Qe8 17. exf5 Rxf5 18. Kg2 Qf7 19. Qe3 Rf8 20. Ng1 d5 21. Bh4
d4 22. Qd2 Nb6 23. Bg3 c4 24. Re4 Nc8 25. Qb4 cxd3 26. cxd3 Qd7 27. Rae1 Nd6
28. Qb3+ Qf7 29. Qxf7+ Kxf7 30. R4e2 Re8 31. Rc1 Re7 32. Rc5 b6 33. Rc6 Nb7 34.
b4 Nd8 35. Rc8 Ne6 36. Rec2 Bf8 37. Ne2 Rd7 38. a3 Bd6 39. R2c6 Nd8 40. Rc4 Ne6
1/2-1/2

[Event "VIII Floripa Chess Open 2022 - LIRA - m"]
[Site "Lira Tênis Clube - Florianó"]
[Date "2022.01.25"]
[Round "2.25"]
[White "Andrade, Guilherme A. De Sou"]
[Black "Cadilhac, Igor Tokuichi Kikuc"]
[Result "0-1"]
[WhiteElo "1880"]
[BlackElo "2283"]
[PlyCount "64"]
[EventDate "2022.01.24"]
[EventRounds "10"]
[EventCountry "BRA"]

1. d4 Nf6 2. c4 e6 3. Nc3 d5 4. cxd5 exd5 5. Bg5 c6 6. e3 Be7 7. Bd3 Nbd7 8.
Qc2 h6 9. Bh4 Nh5 10. Bxe7 Qxe7 11. Nge2 Nb6 12. O-O-O Bd7 13. Na4 Nxa4 14.
Qxa4 O-O 15. Qc2 c5 16. dxc5 Rfc8 17. Kb1 Rxc5 18. Qd2 Qg5 19. Qb4 b6 20. Ng3
Rac8 21. Rc1 Nxg3 22. hxg3 Bf5 23. Qd4 Qf6 24. Rxc5 Rxc5 25. Bxf5 Qxf5+ 26. e4
dxe4 27. Qe3 Rd5 28. Re1 Qd7 29. a3 f5 30. f3 Rd3 31. Qf4 Rd2 32. fxe4 Qd4 0-1

[Event "VIII Floripa Chess Open 2022 - LIRA - m"]
[Site "Lira Tênis Clube - Florianó"]
[Date "2022.01.25"]
[Round "2.26"]
[White "Gazel, Frederico"]
[Black "Rodrigues, Julliano De Araujo"]
[Result "1-0"]
[WhiteElo "2279"]
[BlackElo "1894"]
[PlyCount "61"]
[EventDate "2022.01.24"]
[EventRounds "10"]
[EventCountry "BRA"]

1. d4 Nf6 2. Nf3 g6 3. Bf4 Bg7 4. e3 O-O 5. h3 c5 6. c3 b6 7. Nbd2 Bb7 8. Be2
d6 9. O-O Nbd7 10. a4 a6 11. Qb1 Rc8 12. Bh2 cxd4 13. exd4 Nd5 14. Re1 N7f6 15.
Qa2 e6 16. Qa3 Rc6 17. c4 Ne7 18. b4 Rc8 19. b5 d5 20. c5 bxc5 21. dxc5 axb5
22. axb5 Ra8 23. Qb4 Rxa1 24. Rxa1 Ne4 25. Rc1 Nf5 26. c6 Qb6 27. Nxe4 dxe4 28.
cxb7 exf3 29. Bxf3 Nd4 30. Qxf8+ Bxf8 31. b8=Q 1-0